000 00603nam a2200205 i 4500
001 142074
003 ES-MaACL
005 20250814054351.0
007 t|
008 071002s1966 sp ||||1| spa d
100 1 _aVirion, Pierre.
_9115461
245 1 3 _aLa Iglesia y la masonería /
_cPierre Virion ; [versión de José Mª Aroca].
260 _aBarcelona :
_bAcervo,
_c[1966]
300 _a256 p. ;
_c21 cm.
610 2 4 _aMasonería
_95658
650 1 4 _aIglesia.
_913549
700 1 _aAroca, José María.
_923132
852 _aES-MaACL
_jC-31309
_bR.61550
999 _c142074
_d142074